<?xml version="1.0" encoding="UTF-8"?>
<record
    xmlns:xsi="http://www.w3.org/2001/XMLSchema-instance"
    xsi:schemaLocation="http://www.loc.gov/MARC21/slim http://www.loc.gov/standards/marcxml/schema/MARC21slim.xsd"
    xmlns="http://www.loc.gov/MARC21/slim">

  <leader>00305nam a2200097Ia 4500</leader>
  <controlfield tag="008">230206s9999    xx            000 0 und d</controlfield>
  <datafield tag="041" ind1=" " ind2=" ">
    <subfield code="a">eng</subfield>
  </datafield>
  <datafield tag="100" ind1=" " ind2=" ">
    <subfield code="a">T. S. Ravisankar, Ed.</subfield>
    <subfield code="9">119211</subfield>
  </datafield>
  <datafield tag="245" ind1=" " ind2=" ">
    <subfield code="a">Prajanan : Journal of Social Management Sciences</subfield>
  </datafield>
  <datafield tag="260" ind1=" " ind2=" ">
    <subfield code="c">1997</subfield>
    <subfield code="b">National Institute of Bank Management</subfield>
    <subfield code="a">Pune</subfield>
  </datafield>
  <datafield tag="999" ind1=" " ind2=" ">
    <subfield code="c">97660</subfield>
    <subfield code="d">97660</subfield>
  </datafield>
  <datafield tag="952" ind1=" " ind2=" ">
    <subfield code="0">0</subfield>
    <subfield code="1">0</subfield>
    <subfield code="4">0</subfield>
    <subfield code="7">0</subfield>
    <subfield code="a">HIMR</subfield>
    <subfield code="b">HIMR</subfield>
    <subfield code="d">2014-06-14</subfield>
    <subfield code="e">Satya Gilani</subfield>
    <subfield code="h">April 97 to October 97 (Vol. 26 No. 1 to Vol. 26 No. 3)</subfield>
    <subfield code="l">0</subfield>
    <subfield code="o">658/RAV BV0089</subfield>
    <subfield code="p">HIMR-BV-89</subfield>
    <subfield code="r">2023-02-06 00:00:00</subfield>
    <subfield code="w">2014-06-14</subfield>
    <subfield code="y">BV</subfield>
    <subfield code="z">BV0089</subfield>
  </datafield>
  <datafield tag="952" ind1=" " ind2=" ">
    <subfield code="0">0</subfield>
    <subfield code="1">0</subfield>
    <subfield code="4">0</subfield>
    <subfield code="7">0</subfield>
    <subfield code="a">HIMR</subfield>
    <subfield code="b">HIMR</subfield>
    <subfield code="d">2014-06-14</subfield>
    <subfield code="e">Satya Gilani</subfield>
    <subfield code="h">January 98 to October 98 (Vol. 26 No. 4 to Vol. 27 No. 3)</subfield>
    <subfield code="l">0</subfield>
    <subfield code="o">658/RAV BV0090</subfield>
    <subfield code="p">HIMR-BV-90</subfield>
    <subfield code="r">2023-02-06 00:00:00</subfield>
    <subfield code="w">2014-06-14</subfield>
    <subfield code="y">BV</subfield>
    <subfield code="z">BV0090</subfield>
  </datafield>
</record>
